000 00829nam a2200241 a 4500
001 BRCA_6452
005 20190320205447.0
008 240911s1961----it-a######---#000-0#ita-#
050 4 _aND813
_b.F75 1961
100 1 _aFrothingham, Alice Wilson
_916119
245 1 0 _aTile pictures by Cristobal de Augusta
_cAlice Wilson Frothingham
260 _aFaenza, Italia
_bMuseo Internazionale
_c1961
300 _a51-58 p.
_bil.
_c25 cm.
500 _aSobretiro de: Estrato da ´Faenza´: bolletino del Museo Internazionale delle Ceramiche in Faenza Fascicolo III (1961).
500 _aM54
650 1 4 _aAugusta, Cristobal de
_916120
650 1 4 _aPintores españoles
_97620
650 1 4 _aPinturas españolas
_97789
650 1 4 _aAzulejos españoles
_97221
650 1 4 _aCerámica
_zEspaña
_916121
902 _aGFM
942 _2lcc
_cB
999 _c6136
_d6136